| 000 | 00429cam a22001217a 4500 | ||
|---|---|---|---|
| 008 | 180718b1929 xxu||||| |||| 00| 0 eng d | ||
| 082 | _aF51x5401 In2c/28 | ||
| 245 |
_aConstitution of the Indian National Congress as amended at the Calcutta 1928 _cby Indian National Congress |
||
| 260 |
_aAllahabad _bAll India Congress Committee _c1929 |
||
| 300 | _a21p. | ||
| 650 | _aIndian National Congress | ||
| 700 | _aIndian National Congress | ||
| 999 |
_c479892 _d479892 |
||